000 00648nam a2200241Ia 4500
003 OSt
005 20220924115140.0
006 a|||||r|||| 00| 0
007 ta
008 220923b |||||||| |||| 00| 0 san d
024 _a75920
037 _cTextual
040 _aARTS
_cARTS
_bsan
041 _2san
_asan
082 _aR66, 15L1;M6
100 _aPandey Murlidhar
_9176990
245 0 _aSankara prak advait vada
260 _aDehi
_bBharatiya Vidya Prak
_c1986
300 _a571p,10p.
_ccm.
650 _aADVAITA PHILOSOPHY
_9790
942 _hR66, 15L1;M6
_cTEXL
_2CC
999 _c397000
_d397000